00956nam a2200193Ia 4500008004100000020001400041041001200055082001600067100001800083245007100101260003100172300000800203650001900211942000700230999001500237952016900252952016900421952017200590221030s9999 xx 000 0 und d a007099017 aEnglish a105.23bSpi aM. R. Spiegal 0aSchaum`s Theory & Problems of Complex Variablescby M. R. Spiegal bMacmillanaNew Delhic2000 a313 aBE Mathematics cBK c1303d1303 pBE 5614g4.75l0o105.23 Spir2024-06-13 00:00:00w2022-10-30yBK003Print4070aMIETLIBbMIETLIBcBL-Academic Block- A, FL-1, CUP-3, SH-3, R-3d2002-06-1910HBE pBE 5613g4.75l0o105.23 Spir2024-06-13 00:00:00w2022-10-30yBK003Print4070aMIETLIBbMIETLIBcBL-Academic Block- A, FL-1, CUP-3, SH-3, R-3d2002-06-1910HBE pBE 5615g1227.00l0o105.23 Spir2024-06-13 00:00:00w2022-10-30yBK003Print4070aMIETLIBbMIETLIBcBL-Academic Block- A, FL-1, CUP-3, SH-3, R-3d2002-06-1910HBE